| 000 | 00679cam a2200229 4500 | ||
|---|---|---|---|
| 008 | 000000n2000 000 0 eng u | ||
| 020 | _a1860813909 | ||
| 035 | _a(Sirsi) u108002 | ||
| 041 | _aENG | ||
| 050 | _a690.0285 | ||
| 110 |
_aBuilding Centre Trust _93162 |
||
| 245 | _aLeveraging IT use in a professional practice: Atelier Ten | ||
| 260 |
_aLondon _bCRC Ltd _c2000 |
||
| 300 | _a8p. ; 30cm. | ||
| 490 |
_aIT Case Study _v13 |
||
| 650 | _aBUILT ENVIRONMENT | ||
| 650 | _aKNOWLEDGE BASE | ||
| 650 | _aMANAGEMENT-PROJECT MANAGEMENT | ||
| 690 | _aMANAGEMENT-BUSINESS MANAGEMENT-INFORMATION MANAGEMENT | ||
| 710 | _aBuilding Research Establishment | ||
| 942 | _n0 | ||
| 999 |
_c100753 _d100753 |
||